000 01498cam a22003494a 4500
001 4520929
003 OSt
005 20160413195942.0
008 990120s1999 ii b 001 0 eng
010 _a 99017243
020 _a0761993304 (cloth)
040 _aDLC
_cDLC
_dDLC
042 _apcc
043 _ad------
050 0 0 _aHC59.72.E5
_bC48 1999
082 0 0 _a338.90091724
_221
_bCHO 1999
100 1 _aChopra, Kanchan Ratna.
_97878
245 1 0 _aOperationalising sustainable development :
_beconomic-ecological modelling for developing countries /
_cKanchan Chopra, Gopal K. Kadekodi in collaboration with Alison Gilbert ... [et al.].
260 _aNew Delhi ;
_aThousand Oaks, Calif. :
_bSage,
_c1999.
300 _a301 p. ;
_bill. ;
_c23 cm.
440 0 _aIndo-Dutch studies on development alternatives ;
_v22
_97879
504 _aIncludes bibliographical references and index.
650 0 _aSustainable development
_zDeveloping countries
_xMathematical models.
_97880
650 0 _aEnvironmental policy
_zDeveloping countries
_xMathematical models.
_97881
700 1 _aKadekodi, Gopal K.
_97882
856 4 2 _3Publisher description
_uhttp://www.loc.gov/catdir/enhancements/fy0657/99017243-d.html
856 4 1 _3Table of contents only
_uhttp://www.loc.gov/catdir/enhancements/fy0657/99017243-t.html
906 _a7
_bcbc
_corignew
_d1
_eocip
_f19
_gy-gencatlg
942 _2ddc
_cSLOAN
999 _c3530
_d3530